000 00421nam a2200157Ia 4500
008 240729s9999 xx 000 0 und d
022 _a1942-5120
245 0 _aMarine and Coastal Fisheries
260 _aUnited States
260 _bWiley
650 _a Aquaculture. Fisheries. Angling
650 _aAgriculture
856 _uhttps://doaj.org/toc/58d42368bf23422b88ff009d2d5701e4
942 _2ddc
942 _cDOAJEJ
999 _c72654
_d72654
945 _a1
_bMadushi Gamage
_c1
_dMadushi Gamage